| 000 | nam a22 7a 4500 | ||
|---|---|---|---|
| 999 |
_c17033 _d17033 |
||
| 008 | 161121b xxu||||| |||| 00| 0 eng d | ||
| 020 | _a 0736041060 | ||
| 020 | _a9780736041065 | ||
| 050 | _aGV443 .T495 2003 | ||
| 100 | _aThomas,Katherine T. | ||
| 245 |
_aPhysical education methods for elementary teachers/ _cKatherine T Thomas; Amelia M Lee; Jerry R Thomas |
||
| 250 | _a2nd ed. | ||
| 260 |
_aChampaign, IL : _bHuman Kinetics, _cc2003 |
||
| 300 |
_axii, 435p. : _bill. : |
||
| 650 |
_a Physical education for children _xStudy and teaching (Elementary) |
||
| 650 |
_a Physical education for children _xCurricula. |
||
| 650 |
_a Éducation physique pour enfants _x Étude et enseignement (Primaire) |
||
| 700 | _aLee,Amelia M. | ||
| 700 | _aThomas,Jerry R. | ||
| 942 |
_2lcc _cBOOKS _hGV443 .T495 2003 |
||